[Event "EU-chT Seniors 12th"]
[Site "Dresden"]
[Date "2010.02.10"]
[Round "1"]
[White "Barz, Hans Werner"]
[Black "Niebling, Ferdinand"]
[Result "1/2-1/2"]
[WhiteElo "2030"]
[BlackElo "2197"]
[PlyCount "43"]
[EventDate "2010.02.10"]
[EventType "team-swiss"]
[EventRounds "9"]
[EventCountry "GER"]
[SourceTitle "CBM 134 Extra"]
[Source "ChessBase"]
[SourceDate "2010.03.03"]
[SourceVersion "1"]
[SourceVersionDate "2010.03.03"]
[SourceQuality "1"]
[WhiteTeam "Dresden Striesen (Seniors)"]
[BlackTeam "Hessen (Seniors)"]
[WhiteTeamCountry "GER"]
[BlackTeamCountry "GER"]

1. e4 e6 2. d4 d5 3. Nc3 Bb4 4. e5 Ne7 5. Bd3 c5 6. a3 Bxc3+ 7. bxc3 Nbc6 8. Nf3 Bd7 9. 0-0 Qa5 10. Re1 0-0 11. a4 c4 12. Bf1 f5 13. exf6 gxf6 14. Ba3 Nf5 15. Qd2 Qc7 16. g3 Rae8 17. Bg2 h5 18. Bc1 h4 19. Qe2 e5 20. dxe5 fxe5 21. Be3 hxg3 22. fxg3 1/2-1/2

[Event "GER-ch Seniors 21st"]
[Site "Dresden"]
[Date "2009.08.05"]
[Round "4"]
[White "Braun, Gottfried"]
[Black "Barz, Hans Werner"]
[Result "1-0"]
[WhiteElo "2233"]
[BlackElo "2046"]
[PlyCount "43"]
[EventDate "2009.08.03"]
[EventType "swiss"]
[EventRounds "9"]
[EventCountry "GER"]
[SourceTitle "CBM 131 Extra"]
[Source "ChessBase"]
[SourceDate "2009.09.03"]
[SourceVersion "2"]
[SourceVersionDate "2009.09.16"]
[SourceQuality "1"]

1. e4 c5 2. c3 g6 3. d4 cxd4 4. cxd4 d5 5. exd5 Nf6 6. Bc4 Bg7 7. Nc3 0-0 8. Nf3 Ne8 9. h3 Nd7 10. 0-0 Nb6 11. Bb3 Nd6 12. Re1 Bd7 13. Bg5 Nbc8 14. Qd2 f6 15. Bf4 Be8 16. Re2 g5 17. Bh2 Bg6 18. Rae1 Rf7 19. Qd1 Bf8 20. Nd2 Rg7 21. Nde4 Kh8 22. Nc5 1-0

[Event "GER-ch Seniors 21st"]
[Site "Dresden"]
[Date "2009.08.04"]
[Round "3"]
[White "Haselhorst, Helmut"]
[Black "Barz, Hans Werner"]
[Result "1-0"]
[WhiteElo "2178"]
[BlackElo "2046"]
[PlyCount "45"]
[EventDate "2009.08.03"]
[EventType "swiss"]
[EventRounds "9"]
[EventCountry "GER"]
[SourceTitle "CBM 131 Extra"]
[Source "ChessBase"]
[SourceDate "2009.09.03"]
[SourceVersion "2"]
[SourceVersionDate "2009.09.16"]
[SourceQuality "1"]

1. d4 Nf6 2. Nf3 g6 3. c4 Bg7 4. Nc3 0-0 5. Bf4 d6 6. h3 Nbd7 7. e3 c6 8. Be2 Qa5 9. 0-0 e5 10. Bh2 Re8 11. a3 e4 12. Nd2 d5 13. cxd5 cxd5 14. Nb5 Nf8 15. Bc7 Qa6 16. Nd6 Qc6 17. Rc1 Qd7 18. Bb5 Qe6 19. Nxe8 Nxe8 20. Qa4 Nxc7 21. Rxc7 g5 22. Rfc1 g4 23. Qc2 1-0

[Event "Dresden ZMD op"]
[Site "Dresden"]
[Date "2008.07.20"]
[Round "3"]
[White "Barz, Hans Werner"]
[Black "Pitschka, Claus"]
[Result "0-1"]
[WhiteElo "2048"]
[BlackElo "2301"]
[PlyCount "86"]
[EventDate "2008.07.19"]
[EventType "swiss"]
[EventRounds "9"]
[EventCountry "GER"]
[SourceTitle "CBM 125 Extra"]
[Source "ChessBase"]
[SourceDate "2008.09.01"]
[SourceVersion "1"]
[SourceVersionDate "2008.09.01"]
[SourceQuality "1"]

1. e4 Nf6 2. e5 Nd5 3. d4 d6 4. Nf3 Bg4 5. Be2 c6 6. c4 Nc7 7. exd6 exd6 8. 0-0 Be7 9. Nc3 Nd7 10. h3 Bh5 11. Bf4 0-0 12. d5 c5 13. Ne4 Ne8 14. Ng3 Bxf3 15. Bxf3 Bf6 16. Rb1 Be5 17. Bd2 Nef6 18. Qc2 g6 19. b3 b5 20. Ne4 Nxe4 21. Bxe4 a6 22. f4 Bd4+ 23. Kh1 f5 24. Bd3 bxc4 25. bxc4 Nf6 26. g3 Ra7 27. Rfe1 Re8 28. Rxe8+ Qxe8 29. Re1 Re7 30. Rxe7 Qxe7 31. Qb1 Ne4 32. Bxe4 fxe4 33. Be1 Kg7 34. Qb6 e3 35. Qb1 Qd7 36. Qe4 h5 37. Kg2 Qa4 38. Qe7+ Kh6 39. Qg5+ Kh7 40. Qe7+ Bg7 41. Qxe3 Qxa2+ 42. Bd2 Qxc4 43. Qf3 Qa2 0-1

[Event "EU-chT Seniors 10th"]
[Site "Dresden"]
[Date "2008.02.14"]
[Round "4.1"]
[White "Wiemer, Juergen"]
[Black "Barz, Hans Werner"]
[Result "1/2-1/2"]
[WhiteElo "2091"]
[BlackElo "2045"]
[PlyCount "24"]
[EventDate "2008.02.11"]
[EventType "team-swiss"]
[EventRounds "9"]
[EventCountry "GER"]
[SourceTitle "CBM 122 Extra"]
[Source "ChessBase"]
[SourceDate "2008.03.04"]
[SourceVersion "1"]
[SourceVersionDate "2008.03.04"]
[SourceQuality "1"]
[WhiteTeam "Mecklenburg Vorpommern"]
[BlackTeam "Dresden Striesen"]
[WhiteTeamCountry "GER"]
[BlackTeamCountry "GER"]

1. e4 c5 2. c3 g6 3. d4 cxd4 4. cxd4 Bg7 5. Be3 d5 6. e5 h5 7. Nc3 Nh6 8. Qb3 0-0 9. Qxd5 Nc6 10. Qxd8 Rxd8 11. Nf3 Bg4 12. 0-0-0 Nf5 1/2-1/2

[Event "EU-chT Seniors 10th"]
[Site "Dresden"]
[Date "2008.02.12"]
[Round "2.1"]
[White "Ghijsen, Pim"]
[Black "Barz, Hans Werner"]
[Result "1-0"]
[WhiteElo "2178"]
[BlackElo "2045"]
[PlyCount "60"]
[EventDate "2008.02.11"]
[EventType "team-swiss"]
[EventRounds "9"]
[EventCountry "GER"]
[SourceTitle "CBM 122 Extra"]
[Source "ChessBase"]
[SourceDate "2008.03.04"]
[SourceVersion "1"]
[SourceVersionDate "2008.03.04"]
[SourceQuality "1"]
[WhiteTeam "DD Oranjeteam II"]
[BlackTeam "Dresden Striesen"]
[WhiteTeamCountry "NED"]
[BlackTeamCountry "GER"]

1. d4 Nf6 2. Nf3 g6 3. c4 Bg7 4. Nc3 0-0 5. g3 d6 6. Bg2 Nbd7 7. 0-0 e5 8. h3 Re8 9. e4 exd4 10. Nxd4 a6 11. Be3 Rb8 12. Rb1 Ne5 13. b3 c5 14. Nde2 b5 15. cxb5 axb5 16. b4 Nc4 17. Bc1 Bd7 18. bxc5 dxc5 19. Bf4 Ne5 20. Bxe5 Rxe5 21. f4 Re6 22. e5 Ne8 23. Nxb5 Bxb5 24. Qxd8 Rxd8 25. Rxb5 Ra6 26. Nc3 Bf8 27. a4 Nc7 28. Rb7 Ne6 29. Bd5 Rda8 30. Bc4 R6a7 1-0

[Event "Sachsen-ch Seniors"]
[Site "Dresden"]
[Date "2007.08.??"]
[Round "3"]
[White "Gollasch, Theo Heinz"]
[Black "Barz, Hans Werner"]
[Result "1/2-1/2"]
[WhiteElo "2091"]
[BlackElo "2045"]
[PlyCount "116"]
[EventDate "2007.07.28"]
[EventType "swiss"]
[EventRounds "9"]
[EventCountry "GER"]
[SourceTitle "EXT 2008"]
[Source "ChessBase"]
[SourceDate "2007.11.25"]
[SourceVersion "1"]
[SourceVersionDate "2007.11.25"]
[SourceQuality "1"]

1. Nf3 Nf6 2. g3 g6 3. Bg2 Bg7 4. c4 0-0 5. Nc3 d6 6. 0-0 e5 7. d3 c6 8. Rb1 Re8 9. Ne1 Bf5 10. e4 Bd7 11. Nc2 Na6 12. Bg5 Nc7 13. h3 Ne6 14. Be3 Nh5 15. Bf3 Nf6 16. Kh2 Kh8 17. d4 Qe7 18. d5 cxd5 19. cxd5 Nc7 20. Na3 Ng8 21. Qb3 b6 22. Nab5 Nxb5 23. Nxb5 Bxb5 24. Qxb5 f5 25. Rbc1 Nf6 26. Qb4 Bf8 27. Bg5 Kg7 28. Rc3 Rec8 29. Rfc1 Qd7 30. Qa3 Rxc3 31. Bxf6+ Kxf6 32. Qxc3 Rd8 33. Qc7 Ke7 34. g4 fxe4 35. Bxe4 Qxc7 36. Rxc7+ Rd7 37. Rc3 Bh6 38. h4 Bf4+ 39. Kh3 Kd8 40. h5 gxh5 41. gxh5 h6 42. Kg4 Rc7 43. Rf3 Ke7 44. Bf5 Kf6 45. Ra3 Bg5 46. Be4 Bf4 47. Ra6 Bg5 48. Ra3 Bf4 49. Kf3 Kg5 50. Bg6 Bc1 51. Rb3 Bf4 52. a4 Rc5 53. Rd3 Rc4 54. b3 Rc5 55. Ke4 Rc2 56. Kf3 Rc5 57. Bf7 Rc7 58. Bg6 Rc5 1/2-1/2

[Event "Sachsen-ch Seniors"]
[Site "Dresden"]
[Date "2007.08.??"]
[Round "7"]
[White "Kahn, Peter"]
[Black "Barz, Hans Werner"]
[Result "1-0"]
[WhiteElo "2116"]
[BlackElo "2045"]
[PlyCount "54"]
[EventDate "2007.07.28"]
[EventType "swiss"]
[EventRounds "9"]
[EventCountry "GER"]
[SourceTitle "EXT 2008"]
[Source "ChessBase"]
[SourceDate "2007.11.25"]
[SourceVersion "1"]
[SourceVersionDate "2007.11.25"]
[SourceQuality "1"]

1. d4 Nf6 2. Bg5 c5 3. Bxf6 exf6 4. e3 Be7 5. c3 0-0 6. Nf3 d6 7. Bd3 Be6 8. 0-0 Qc8 9. Nbd2 Na6 10. Re1 Nc7 11. Qc2 g6 12. e4 b5 13. b3 Rb8 14. a4 b4 15. c4 a5 16. Re3 Bg4 17. d5 Ne8 18. Rae1 Ng7 19. Nf1 Nh5 20. N3d2 Re8 21. Ng3 Nf4 22. Ne2 Nh5 23. f3 Bd7 24. g4 Ng7 25. Ng3 f5 26. exf5 Bg5 27. Rxe8+ Bxe8 1-0

[Event "Sachsen-ch Seniors"]
[Site "Dresden"]
[Date "2007.08.??"]
[Round "5"]
[White "Packroff, Hermann"]
[Black "Barz, Hans Werner"]
[Result "1/2-1/2"]
[WhiteElo "2196"]
[BlackElo "2045"]
[PlyCount "44"]
[EventDate "2007.07.28"]
[EventType "swiss"]
[EventRounds "9"]
[EventCountry "GER"]
[SourceTitle "EXT 2008"]
[Source "ChessBase"]
[SourceDate "2007.11.25"]
[SourceVersion "1"]
[SourceVersionDate "2007.11.25"]
[SourceQuality "1"]

1. d4 Nf6 2. Bg5 c5 3. Bxf6 exf6 4. d5 g6 5. e3 d6 6. Nd2 a6 7. a4 Bg7 8. Nc4 b6 9. h4 Ra7 10. h5 Rb7 11. hxg6 hxg6 12. Rxh8+ Bxh8 13. Bd3 f5 14. c3 Qe7 15. Qf3 Nd7 16. 0-0-0 Rb8 17. Qg3 Ne5 18. Nxe5 Bxe5 19. f4 Bf6 20. e4 fxe4 21. Bxe4 Kf8 22. Qd3 b5 1/2-1/2

[Event "GER-ch Seniors 18th"]
[Site "Dresden"]
[Date "2006.07.29"]
[Round "8"]
[White "Neudel, Bernd"]
[Black "Barz, Hans Werner"]
[Result "1/2-1/2"]
[WhiteElo "1789"]
[BlackElo "1891"]
[PlyCount "23"]
[EventDate "2006.07.22"]
[EventType "swiss"]
[EventRounds "9"]
[EventCountry "GER"]
[SourceTitle "EXT 2022"]
[Source "ChessBase"]
[SourceDate "2021.10.06"]
[SourceVersion "1"]
[SourceVersionDate "2021.10.06"]
[SourceQuality "1"]

1. d4 Nf6 2. Nf3 g6 3. g3 Bg7 4. Bg2 0-0 5. 0-0 d6 6. Re1 Nbd7 7. e4 e5 8. dxe5 dxe5 9. Nbd2 Qe7 10. a4 Rd8 11. Qe2 a5 12. b3 1/2-1/2

[Event "GER-ch Seniors 18th"]
[Site "Dresden"]
[Date "2006.07.28"]
[Round "7"]
[White "Barz, Hans Werner"]
[Black "Goettert, Stefan"]
[Result "0-1"]
[WhiteElo "1891"]
[BlackElo "1919"]
[PlyCount "78"]
[EventDate "2006.07.22"]
[EventType "swiss"]
[EventRounds "9"]
[EventCountry "GER"]
[SourceTitle "EXT 2022"]
[Source "ChessBase"]
[SourceDate "2021.10.06"]
[SourceVersion "1"]
[SourceVersionDate "2021.10.06"]
[SourceQuality "1"]

1. e4 e6 2. d4 d5 3. Nc3 Nc6 4. e5 b6 5. f4 Nh6 6. Nf3 Bb7 7. Ne2 Qd7 8. Ng3 f6 9. c3 0-0-0 10. Bb5 a6 11. Bd3 Qf7 12. Qe2 Nb8 13. b4 c5 14. bxc5 bxc5 15. dxc5 Bxc5 16. Be3 Bxe3 17. Qxe3 Ng4 18. Qe2 h5 19. h3 h4 20. Nf1 Nh6 21. Ne3 fxe5 22. fxe5 Qc7 23. 0-0 g5 24. Rab1 Rhg8 25. Ng4 Nf5 26. Rfe1 Qc5+ 27. Kh2 Rg7 28. Nd4 Nxd4 29. cxd4 Qxd4 30. Rec1+ Rc7 31. Rxc7+ Kxc7 32. Qc2+ Nc6 33. Qb3 Na5 34. Qa3 Nc4 35. Bxc4 dxc4 36. Qa5+ Kc8 37. Qb4 Qf4+ 38. Kh1 Qe4 39. Rb2 Rd1+ 0-1

[Event "GER-ch Seniors 18th"]
[Site "Dresden"]
[Date "2006.07.24"]
[Round "3"]
[White "Barz, Hans Werner"]
[Black "Szenetra, Werner"]
[Result "1-0"]
[WhiteElo "2026"]
[BlackElo "2188"]
[PlyCount "55"]
[EventDate "2006.07.22"]
[EventType "swiss"]
[EventRounds "9"]
[EventCountry "GER"]
[SourceTitle "CBM 113 Extra"]
[Source "ChessBase"]
[SourceDate "2006.09.14"]
[SourceVersion "1"]
[SourceVersionDate "2006.09.14"]
[SourceQuality "1"]

1. e4 g6 2. d4 d6 3. Nc3 Nf6 4. Nf3 Bg7 5. Be2 0-0 6. 0-0 c6 7. h3 Qc7 8. Bf4 Nfd7 9. Qd2 Re8 10. Bh6 e5 11. Bxg7 Kxg7 12. Rad1 Nb6 13. Nh2 Be6 14. f4 Nc4 15. Qc1 exd4 16. f5 dxc3 17. fxe6 Qb6+ 18. Kh1 Nd2 19. Rxf7+ Kg8 20. bxc3 Rxe6 21. Qxd2 Kxf7 22. Bc4 Qc5 23. Rf1+ Ke7 24. Bxe6 Kxe6 25. Qf4 Kd7 26. Qf7+ Kc8 27. Qe7 Nd7 28. Rf7 1-0

[Event "Leutersdorf Muench Braeu op 10th"]
[Site "Leutersdorf"]
[Date "2005.02.??"]
[Round "4"]
[White "Zebisch, Paul"]
[Black "Barz, Hans Werner"]
[Result "1/2-1/2"]
[WhiteElo "2056"]
[BlackElo "1851"]
[PlyCount "39"]
[EventDate "2005.02.05"]
[EventType "swiss"]
[EventRounds "9"]
[EventCountry "GER"]
[SourceTitle "CBM 104 Extra"]
[Source "ChessBase"]
[SourceDate "2005.03.01"]
[SourceVersion "1"]
[SourceVersionDate "2005.03.01"]
[SourceQuality "1"]

1. e4 c5 2. Nf3 Nc6 3. d4 cxd4 4. Nxd4 g6 5. Nc3 Bg7 6. Be3 Nf6 7. Bc4 0-0 8. Bb3 a5 9. 0-0 a4 10. Bc4 Nxe4 11. Nxe4 d5 12. Nxc6 bxc6 13. Bd3 dxe4 14. Bxe4 a3 15. Qxd8 Rxd8 16. Rad1 Ba6 17. b3 Bxf1 18. Rxd8+ Rxd8 19. Kxf1 Rd1+ 20. Ke2 1/2-1/2

[Event "Dresden op 10th"]
[Site "Dresden"]
[Date "2001.07.30"]
[Round "4"]
[White "Bruemmel, Arend"]
[Black "Barz, Hans Werner"]
[Result "1-0"]
[WhiteElo "2141"]
[BlackElo "1846"]
[PlyCount "71"]
[EventDate "2001.07.27"]
[EventType "swiss"]
[EventRounds "9"]
[EventCountry "GER"]
[SourceTitle "EXT 2004"]
[Source "ChessBase"]
[SourceDate "2003.11.25"]
[SourceVersion "1"]
[SourceVersionDate "2003.11.25"]
[SourceQuality "1"]

1. d4 Nf6 2. c4 g6 3. Nc3 Bg7 4. e4 d6 5. Be2 0-0 6. Nf3 Nbd7 7. 0-0 e5 8. Re1 exd4 9. Nxd4 Nc5 10. Bf1 Ng4 11. h3 Ne5 12. Be3 Ne6 13. Rc1 Nxd4 14. Bxd4 Be6 15. Nd5 Nc6 16. Bxg7 Kxg7 17. Qb3 Rb8 18. Qc3+ f6 19. Nf4 Qe7 20. a3 Bf7 21. Nd5 Qd8 22. Re3 Rc8 23. Rd1 Be6 24. c5 Bxd5 25. Rxd5 Qe7 26. cxd6 cxd6 27. Qd2 Rfd8 28. f4 Rc7 29. Be2 Nb8 30. e5 Rcd7 31. exd6 Qf8 32. Re7+ Kh8 33. Bg4 f5 34. Qd4+ Kg8 35. Bxf5 Nc6 36. Be6+ 1-0